000 01611cam a22001935a 4500
001 E141971
008 080117s2007 stk f 000 0 eng d
035 _a(Sirsi) u141971
041 0 _aeng
050 0 4 _a630 $2 18
110 2 _aSavills Research
_95211
245 0 0 _aSavills Scottish rural property market briefing
_bWinter 2007-2008
_h[electronic resource]
260 _aLondon
_bSavills
_c2007
520 _aReports that interest rates staying down and profits back into farming there will be money in farmers' pockets to buy farmland next year, as long as grain and dairy prices hold up. The outlook for the coming year looks good for land values. Scottish arable acres are proving particularly hot, with bare arable land selling for £4 000 to £5 000 per acre on average. Good arable units have been attracting premiums of up to 80% over asking price, and top prices in 2008 may exceed £7 000 per acre. Also reports that a surge of interest in country houses from Scotland-based buyers has been notable in recent months and the profile of Scottish farmland buyers has changed in recent months with an easing of demand from heavyweight Irish buyers. Finally, the expansion of Glasgow and Perth have been the main drivers behind the growth in greenfield land values in Scotland during the past year with demand for family housing and site scarcity accounting for the rise in values. [Taken from summary]
651 4 _aScotland
_y1999-
690 _aPROPERTY-RURAL AND NATURAL ASSETS
856 4 0 _uhttps://www.savills.com/research/
_zView the article free of charge at www.savills.co.uk...
942 _n0
999 _c107814
_d107814